| 000 | 01146nam0a22002891 4500 | ||
|---|---|---|---|
| 001 | v19\rc\1495501 | ||
| 005 | 20260406105326.0 | ||
| 035 | _a(NLR Aleph) 005227556 | ||
| 090 |
_a5570482 _c5570482 |
||
| 100 | _a20060620d1889 |||y0rusy50 ca | ||
| 101 | 0 | _arus | |
| 102 | _aRU | ||
| 105 | _ay z ||||| | ||
| 200 | 1 |
_aРисование по сетке _eПособие для самостоят. занятий дома и в школе _fСост. Ф.Ф. Пуцыкович |
|
| 205 | _a7-е изд. Вып. 1- | ||
| 210 |
_aСанкт-Петербург _cП.В. Луковников _d1889 |
||
| 215 |
_a1 т. _d16х22 |
||
| 327 | 1 | _aСодерж.: Вып. 1. Для детей от 5 лет | |
| 464 | 0 |
_12001#$aДля детей от 5 лет _tДля детей от 5 лет |
|
| 700 | 1 |
_4220 _7ca _8rus _aПуцыкович _bФ. Ф. _f1846-1899 _gФеофил Феофилович _983569 _3RU\NLR\AUTH\77100643 |
|
| 801 | 0 |
_aRU _bNLR _c20060620 _gpsbo |
|
| 801 | 0 |
_aRU _bRuMoRGB _c20060620 _2psbo |
|
| 801 | 1 |
_aRU _bProSoft-M _c20060620 _2rusmarc |
|
| 801 | 2 |
_aRU _bNLR _c20111010 _2rusmarc |
|
| 852 |
_aNLR _j18.198.2.428 |
||
| 942 | _cBOOK | ||
| 980 | _aNB | ||